| 000 | 00481nam a2200133 a 4500 | ||
|---|---|---|---|
| 008 | 120416s2005 xx |||||||||||||| || u | ||
| 050 | _aIBRD(08)PRWP/3613 | ||
| 245 | 1 | 0 | _aScrutinizing Public expenditures |
| 246 | _aassessing the performance of Public accounts committees | ||
| 260 | _c2005 | ||
| 300 | _a: ill. | ||
| 350 | _a0.00 | ||
| 995 |
_D0.00 _FCBU-MAIN LIBRARY (Kitwe) _H1 _I0.00 _UAVAILABLE _ZInternational Publications |
||
| 999 |
_c57157 _d57157 |
||